Coldest Cities in the World A-Z - Statistics

General Stats
  • This quiz has been taken 102 times
  • The average score is 11 of 25
Answer Stats
Letter Mean Temp. Continent Answer % Correct
M 6.3 °C Europe Moscow
89%
S 6.3 °C Europe Saint Petersburg
81%
T 9.4 °C North America Toronto
81%
V 10.4 °C North America Vancouver
72%
B 9.9 °C Europe Berlin
69%
N 13.2 °C North America New York
64%
X 14.1 °C Asia Xian
57%
P 12.8 °C Europe Paris
55%
D 10.3 °C North America Detroit
54%
K 9.0 °C Europe Kyiv
53%
F 11.4 °C Europe Frankfurt
51%
U 7.8 °C Asia Ürümqi
48%
Q 13.0 °C Asia Qīngdăo
47%
H 5.2 °C Asia Harbin
46%
O 17.1 °C Asia Osaka
45%
i 13.8 °C Asia Istanbul
30%
J 14.7 °C Asia Jìnán
27%
Y 27.4 °C Asia Yangon
27%
A 12.6 °C Asia Ankara
25%
C 6.1 °C Asia Chángchūn
25%
Z 14.2 °C Asia Zibo
24%
R 10.0 °C Europe The Ruhr
22%
L 10.9 °C Asia Lanzhou
19%
G 14.6 °C Asia Guìyáng
16%
W 12.7 °C Asia Wéifāng
14%
No matching quizzes found
Score Distribution
Percent of People with Each Score
Percentile by Number Answered
Your Score History
You have not taken this quiz